[Event "Malaga3 op"]
[Site "Malaga"]
[Date "2000.??.??"]
[Round "7"]
[White "Chatalbashev, Boris"]
[Black "Braga, Fernando"]
[Result "0-1"]
[WhiteElo "2520"]
[BlackElo "2445"]
[PlyCount "64"]
[EventDate "2000.02.??"]
[EventType "swiss"]
[EventRounds "9"]
[EventCountry "ESP"]
[Source "Fruth,M"]
[SourceDate "2003.05.15"]

1. d4 d5 2. c4 e6 3. Nc3 c5 4. cxd5 cxd4 5. Qa4+ Bd7 6. Qxd4 exd5 7. Nf3 Nc6 8.
Qxd5 Nf6 9. Qd1 Bc5 10. e3 Qe7 11. Bb5 O-O-O 12. Qe2 a6 13. Ba4 g5 14. O-O g4
15. Nd4 Ne5 16. Bxd7+ Qxd7 17. b4 Bxd4 18. exd4 Qxd4 19. Bg5 Nd3 20. Qe3 Qd6
21. Rad1 Rhe8 22. Rxd3 Qxd3 23. Qc1 Qc4 24. Bxf6 Rd6 25. Qg5 Rde6 26. h3 Qxf1+
27. Kh2 gxh3 28. Kxh3 Qd3+ 29. f3 h6 30. Qc5+ Rc6 31. Qa7 Qd7+ 32. g4 Rxf6 0-1

[Event "Petroff mem op"]
[Site "St Petersburg"]
[Date "2000.02.09"]
[Round "3"]
[White "Chernyshov, Konstantin"]
[Black "Genba, Vladimir"]
[Result "1/2-1/2"]
[WhiteElo "2544"]
[BlackElo "2454"]
[PlyCount "73"]
[EventDate "2000.02.05"]
[EventType "swiss"]
[EventRounds "9"]
[EventCountry "RUS"]
[Source "Fruth,M"]
[SourceDate "2003.05.15"]

1. d4 d5 2. c4 e6 3. Nc3 c5 4. cxd5 cxd4 5. Qa4+ Bd7 6. Qxd4 exd5 7. Nf3 Nc6 8.
Qd1 Nf6 9. e3 Bg4 10. Be2 Bd6 11. h3 Bh5 12. Nd4 Bg6 13. O-O O-O 14. b3 Re8 15.
Ncb5 Bb8 16. Nf3 a6 17. Nbd4 Nxd4 18. Qxd4 Be4 19. Bb2 Qd6 20. Rfd1 Bxf3 21.
Bxf3 Qh2+ 22. Kf1 Be5 23. Qd2 Ne4 24. Bxe4 dxe4 25. Bxe5 Rxe5 26. Qd6 f6 27.
Rac1 Qh1+ 28. Ke2 Qxg2 29. Rg1 Qf3+ 30. Ke1 Rf8 31. Qc7 Rg5 32. Rg3 Rxg3 33.
Qxg3 Qxg3 34. fxg3 Rf7 35. Rc8+ Rf8 36. Rc7 Rf7 37. Rc8+ 1/2-1/2

[Event "AJEC-2000 Gr 2 corr T"]
[Site "e-mail"]
[Date "2000.??.??"]
[Round "?"]
[White "Theon, Pierre"]
[Black "Daurelle, Herve"]
[Result "1-0"]
[WhiteElo "2171"]
[BlackElo "2210"]
[PlyCount "25"]
[EventDate "2000.03.20"]
[EventType "tourn (corr)"]
[EventRounds "11"]
[EventCountry "FRA"]
[Source "Fruth,M"]
[SourceDate "2003.05.15"]

1. d4 d5 2. c4 e6 3. Nc3 c5 4. cxd5 cxd4 5. Qa4+ Bd7 6. Qxd4 exd5 7. Qxd5 Nc6
8. Nf3 Nf6 9. Qd1 Bc5 10. e3 Qe7 11. Be2 O-O-O 12. O-O g5 13. Nd4 1-0

[Event "RUS-Cup op"]
[Site "Bor"]
[Date "2000.??.??"]
[Round "9"]
[White "Akobian, Varuzhan"]
[Black "Novgorodskij, Vladimir"]
[Result "1-0"]
[WhiteElo "2417"]
[BlackElo "2366"]
[PlyCount "41"]
[EventDate "2000.06.??"]
[EventType "swiss"]
[EventRounds "9"]
[EventCountry "RUS"]
[Source "Fruth,M"]
[SourceDate "2003.05.15"]

1. d4 d5 2. c4 e6 3. Nc3 c5 4. cxd5 cxd4 5. Qxd4 Nc6 6. Qd1 exd5 7. Qxd5 Bd7 8.
e3 Nf6 9. Qd1 Bc5 10. Nf3 Qe7 11. Be2 O-O-O 12. O-O g5 13. Nd4 Qe5 14. Nf3 Qf5
15. Nb5 Be6 16. Nfd4 Qe5 17. b4 Nxb4 18. Bb2 Ne4 19. Qc1 Nxa2 20. Nxa7+ Kd7 21.
Qc2 1-0

[Event "Budapest FS06 GM IT"]
[Site "Budapest"]
[Date "2000.06.11"]
[Round "9"]
[White "Markus, Robert"]
[Black "Jakab, Attila"]
[Result "1/2-1/2"]
[WhiteElo "2436"]
[BlackElo "2354"]
[PlyCount "56"]
[EventDate "2000.06.03"]
[EventType "tourn"]
[EventRounds "12"]
[EventCountry "HUN"]
[EventCategory "8"]
[Source "Fruth,M"]
[SourceDate "2003.05.15"]

1. d4 e6 2. c4 d5 3. Nc3 c5 4. cxd5 cxd4 5. Qxd4 Nc6 6. Qd1 exd5 7. Qxd5 Bd7 8.
a3 Nf6 9. Qd1 Bc5 10. e3 Qe7 11. Nf3 O-O-O 12. Qc2 Kb8 13. Be2 g5 14. b4 Bd6
15. Bb2 Rc8 16. Nd2 Ne5 17. O-O-O a5 18. bxa5 Bxa3 19. Kb1 Bb4 20. Rc1 Rc7 21.
Qb3 Rhc8 22. Nd5 Nxd5 23. Qxd5 Bc3 24. Bxc3 Rxc3 25. Rxc3 Rxc3 26. Qd4 Ra3 27.
Rc1 Nc6 28. Qc5 Rxa5 1/2-1/2

[Event "ESP-ch TT"]
[Site "Barcelona"]
[Date "2000.08.10"]
[Round "6"]
[White "Gallego Jimenez, Victoriano"]
[Black "Pavia Miralles, Jose Manuel"]
[Result "0-1"]
[WhiteElo "2341"]
[BlackElo "2291"]
[PlyCount "128"]
[EventDate "2000.08.??"]
[EventType "team"]
[EventRounds "9"]
[EventCountry "ESP"]
[Source "Fruth,M"]
[SourceDate "2003.05.15"]

1. d4 d5 2. c4 e6 3. Nc3 c5 4. cxd5 cxd4 5. Qa4+ Bd7 6. Qxd4 exd5 7. Qxd5 Nc6
8. Nf3 Nf6 9. Qd1 Bc5 10. e3 Qe7 11. Be2 O-O-O 12. O-O g5 13. b4 Bxb4 14. Qc2
Kb8 15. a3 Ba5 16. Nb5 Rc8 17. Qb3 Ne4 18. Rb1 Be6 19. Qa4 f5 20. Bb2 Nc5 21.
Qc2 Rhd8 22. Bc3 Bb6 23. Rfd1 Rxd1+ 24. Qxd1 Ne4 25. Ba1 f4 26. Nfd4 fxe3 27.
fxe3 Na5 28. Bf3 Bd5 29. Nf5 Qe6 30. Nbd4 Qd7 31. Qd3 Nc5 32. Qe2 Bc4 33. Qe1
Bd3 34. Rxb6 axb6 35. Qg3+ Qc7 36. Qxg5 Ne4 37. Bxe4 Bxe4 38. Bb2 Bxf5 39. Qxf5
Nc4 40. Ne6 Qd6 41. Bd4 Qxa3 42. h4 Qc1+ 43. Kh2 Qe1 44. Qf4+ Ka7 45. Nc7 Qb4
46. Nd5 Qd6 47. Qxd6 Nxd6 48. Nxb6 Rc6 49. Nc8+ Ka6 50. Nxd6 Rxd6 51. g4 b5 52.
g5 b4 53. h5 b3 54. Bf6 Kb5 55. Kg3 Kc6 56. Bg7 Rd7 57. h6 Rd6 58. Kf4 Kd7 59.
e4 Ke7 60. Ke3 Kf7 61. Bb2 Kg6 62. e5 Rc6 63. Kd3 Kxg5 64. e6 Rxe6 0-1

[Event "FRA-ch"]
[Site "Vichy"]
[Date "2000.08.16"]
[Round "2"]
[White "Vallin, Guillaume"]
[Black "Vaisser, Anatoli"]
[Result "1-0"]
[WhiteElo "2399"]
[BlackElo "2537"]
[PlyCount "91"]
[EventDate "2000.08.16"]
[EventType "swiss"]
[EventRounds "11"]
[EventCountry "FRA"]
[Source "Fruth,M"]
[SourceDate "2003.05.15"]

1. d4 d5 2. c4 e6 3. Nc3 c5 4. cxd5 cxd4 5. Qa4+ b5 6. Qxd4 Nc6 7. Qd1 exd5 8.
e4 d4 9. Bxb5 Bd7 10. Nd5 Nb4 11. Bxd7+ Qxd7 12. Nf3 Nxd5 13. exd5 Bc5 14. O-O
Ne7 15. Ne5 Qxd5 16. Qa4+ Kf8 17. Nd7+ Kg8 18. Nxc5 Qxc5 19. Bd2 h6 20. Rac1
Qd5 21. Rc7 Nf5 22. Rd7 Qe6 23. Re1 Qg6 24. Qb3 Kh7 25. Qxf7 Qxf7 26. Rxf7 Rhf8
27. Rc7 Rf6 28. Re5 a6 29. b4 Raf8 30. g3 R8f7 31. Rxf7 Rxf7 32. a4 h5 33. Kf1
g6 34. Ke2 Rf6 35. Kd3 Kg7 36. f4 Kf7 37. b5 axb5 38. axb5 Rb6 39. Bb4 Rb8 40.
Rd5 Ke6 41. Re5+ Kd7 42. Kc4 Ra8 43. b6 Ra1 44. h3 Rb1 45. b7 Ne3+ 46. Rxe3 1-0

[Event "HUN-ch KO"]
[Site "Budapest"]
[Date "2000.08.31"]
[Round "2.2"]
[White "Galyas, Miklos"]
[Black "Boguszlavszky, Jevgenyij"]
[Result "1/2-1/2"]
[WhiteElo "2420"]
[BlackElo "2278"]
[PlyCount "59"]
[EventDate "2000.08.28"]
[EventType "k.o."]
[EventRounds "6"]
[EventCountry "HUN"]
[Source "Fruth,M"]
[SourceDate "2003.05.15"]

1. d4 d5 2. c4 e6 3. Nc3 c5 4. cxd5 cxd4 5. Qa4+ Bd7 6. Qxd4 exd5 7. Qxd5 Nc6
8. Nf3 Nf6 9. Qd1 Bc5 10. e3 Qe7 11. Be2 O-O 12. O-O Rfd8 13. Nd5 Nxd5 14. Qxd5
Bg4 15. Qc4 Bxf3 16. Bxf3 Ne5 17. Qe4 Nxf3+ 18. Qxf3 Rd6 19. e4 Re6 20. Bd2 Re8
21. Rae1 Bd4 22. Bc3 Bxc3 23. Qxc3 Rxe4 24. Rxe4 Qxe4 25. g3 h5 26. h4 Qd5 27.
Re1 Rd8 28. a3 a5 29. Re5 Qd1+ 30. Re1 1/2-1/2

[Event "Maspalomas op"]
[Site "Maspalomas"]
[Date "2000.09.30"]
[Round "8"]
[White "Paramos Dominguez, Roberto"]
[Black "Leon Rodriguez, Orlando"]
[Result "1-0"]
[WhiteElo "2439"]
[BlackElo "2223"]
[PlyCount "109"]
[EventDate "2000.09.??"]
[EventType "swiss"]
[EventRounds "9"]
[EventCountry "ESP"]
[Source "Fruth,M"]
[SourceDate "2003.05.15"]

1. d4 d5 2. c4 e6 3. Nc3 c5 4. cxd5 cxd4 5. Qxd4 Nc6 6. Qd1 exd5 7. Qxd5 Bd7 8.
Bg5 Nf6 9. Qd2 Bb4 10. a3 Ba5 11. Rc1 h6 12. Bxf6 Qxf6 13. e3 Rd8 14. b4 Bf5
15. Qa2 Bb6 16. Nf3 O-O 17. Nd5 Rxd5 18. Qxd5 Qb2 19. Qd2 Qxa3 20. Bc4 Be4 21.
O-O Bxf3 22. gxf3 Qxb4 23. Qxb4 Nxb4 24. Rfd1 Nc6 25. Bb5 Rd8 26. Bxc6 Rxd1+
27. Rxd1 bxc6 28. Rd7 g6 29. Kf1 Kg7 30. Ke2 c5 31. Kd3 Kf6 32. Kc4 Ke6 33. Rb7
h5 34. h3 g5 35. Rb8 Kf5 36. Rh8 Kg6 37. Rg8+ Kf6 38. Kd5 Kf5 39. Rg7 Kf6 40.
Rh7 Kg6 41. Rh8 h4 42. Rg8+ Kf6 43. Ke4 Ba5 44. Rc8 Bb4 45. Rc6+ Kg7 46. Ra6
Be1 47. Rxa7 Bxf2 48. Rc7 Kg6 49. Rxc5 f5+ 50. Rxf5 Bxe3 51. Ra5 Bc1 52. Ra6+
Kh5 53. Kf5 Bd2 54. Ra8 Bc3 55. Rg8 1-0

[Event "NED-ch TT 200001"]
[Site "NED"]
[Date "2001.04.22"]
[Round "9"]
[White "Strating, Sybolt"]
[Black "Kuijf, Marinus"]
[Result "0-1"]
[WhiteElo "2357"]
[BlackElo "2453"]
[PlyCount "80"]
[EventDate "2000.10.??"]
[EventType "team"]
[EventCountry "NED"]
[Source "Fruth,M"]
[SourceDate "2003.05.15"]

1. c4 e6 2. Nc3 d5 3. d4 c5 4. cxd5 cxd4 5. Qa4+ b5 6. Nxb5 Bd7 7. d6 Bxb5 8.
Qxb5+ Nd7 9. Bf4 Rb8 10. Qa4 Qb6 11. Nf3 Bxd6 12. Bxd6 Qxd6 13. Qxd4 Qxd4 14.
Nxd4 Rxb2 15. e3 Ngf6 16. Bb5 O-O 17. O-O e5 18. Nb3 Rc8 19. Rfb1 Rcc2 20. Rxb2
Rxb2 21. f3 Nf8 22. Bc4 Ng6 23. Na5 Nh4 24. Bf1 e4 25. Nc4 Rc2 26. Rd1 g6 27.
Rd2 Rc1 28. Ne5 exf3 29. gxf3 Rc5 30. Rd8+ Kg7 31. f4 Rc2 32. Bc4 Rg2+ 33. Kf1
Rxh2 34. Rd3 h5 35. Ra3 Ng4 36. Nxg4 hxg4 37. Rxa7 g3 38. Rxf7+ Kh6 39. Bd5 Nf5
40. Kg1 Nxe3 0-1

[Event "Istanbul olm 34 (Women)"]
[Site "Istanbul"]
[Date "2000.??.??"]
[Round "10"]
[White "Meenakshi, Subbaraman"]
[Black "Lalic, Susan"]
[Result "1/2-1/2"]
[WhiteElo "2226"]
[BlackElo "2315"]
[PlyCount "47"]
[EventDate "2000.10.28"]
[EventType "team"]
[EventRounds "14"]
[EventCountry "TUR"]
[Source "Fruth,M"]
[SourceDate "2003.05.15"]

1. d4 d5 2. c4 e6 3. Nc3 c5 4. cxd5 cxd4 5. Qa4+ Bd7 6. Qxd4 exd5 7. Nf3 Nc6 8.
Qxd5 Nf6 9. Qd1 Bc5 10. e3 Qe7 11. Be2 O-O-O 12. Bd2 g5 13. Rc1 g4 14. Nd4 Kb8
15. O-O Rhg8 16. b4 Bb6 17. a4 Qe5 18. Ncb5 Ne4 19. a5 Nxd2 20. Qxd2 Nxd4 21.
exd4 Bxb5 22. dxe5 Rxd2 23. Bxb5 Bd4 24. a6 1/2-1/2

[Event "FIN-ch TT 200001"]
[Site "FIN"]
[Date "2001.01.13"]
[Round "6"]
[White "Kanko, Ilkka"]
[Black "Tommiska, Matti"]
[Result "1-0"]
[WhiteElo "2240"]
[BlackElo "2230"]
[PlyCount "55"]
[EventDate "2000.11.07"]
[EventType "team"]
[EventRounds "9"]
[EventCountry "FIN"]
[Source "Fruth,M"]
[SourceDate "2003.05.15"]

1. d4 d5 2. c4 e6 3. Nc3 c5 4. cxd5 cxd4 5. Qa4+ Bd7 6. Qxd4 exd5 7. Qxd5 Nc6
8. Nf3 Nf6 9. Qd1 Bc5 10. e3 Qe7 11. Be2 O-O-O 12. O-O g5 13. b4 Bxb4 14. Bb2
Rhg8 15. Rc1 g4 16. Nd4 Kb8 17. Ncb5 h5 18. Qa4 a6 19. Nxc6+ Bxc6 20. Rxc6 axb5
21. Qxb5 Nd5 22. Bd4 Nc7 23. Rxc7 Kxc7 24. Qb6+ Kb8 25. Qa7+ Kc7 26. Rc1+ Kd7
27. Qxb7+ Ke8 28. Rc7 1-0

[Event "Viking GM B IT"]
[Site "York"]
[Date "2000.12.21"]
[Round "8"]
[White "Knott, Simon JB"]
[Black "Fontaine, Robert"]
[Result "1-0"]
[WhiteElo "2381"]
[BlackElo "2449"]
[PlyCount "141"]
[EventDate "2000.12.13"]
[EventType "tourn"]
[EventRounds "9"]
[EventCountry "ENG"]
[EventCategory "8"]
[Source "Fruth,M"]
[SourceDate "2003.05.15"]

1. c4 e6 2. Nc3 d5 3. d4 c5 4. cxd5 cxd4 5. Qxd4 Nc6 6. Qd1 exd5 7. Qxd5 Bd7 8.
Nf3 Nf6 9. Qd1 Bc5 10. e3 Qe7 11. Be2 O-O-O 12. O-O g5 13. b4 Bxb4 14. Bb2 g4
15. Nd4 h5 16. Ncb5 Kb8 17. Qa4 a6 18. a3 Nxd4 19. Bxd4 Bd6 20. Rfc1 Ne4 21. g3
h4 22. Bxh8 Bxb5 23. Bxb5 axb5 24. Qd4 hxg3 25. hxg3 f6 26. a4 b4 27. Rc4 f5
28. Rac1 b3 29. a5 Ng5 30. Qf6 Nf3+ 31. Kg2 Qxf6 32. Bxf6 Rf8 33. Bb2 Ka7 34.
Rc8 Rf7 35. Rd8 Bc7 36. Rd3 Bxa5 37. Rxb3 Rh7 38. Ra3 Rh2+ 39. Kf1 b6 40. Ke2
Kb7 41. Bc3 Bxc3 42. Raxc3 Ng5 43. Rc7+ Ka6 44. Ra1+ Kb5 45. Rb1+ Ka6 46. Rc6
Ne4 47. Rcxb6+ Ka7 48. Rb7+ Ka8 49. Rb8+ Ka7 50. R1b7+ Ka6 51. Rb4 Rxf2+ 52.
Ke1 Ka7 53. R8b5 Ka6 54. Rxf5 Rxf5 55. Rxe4 Rg5 56. Rb4 Ka5 57. Rb8 Rf5 58. Rg8
Rf3 59. Rxg4 Rxe3+ 60. Kf2 Rc3 61. Rg8 Kb6 62. Rd8 Kc7 63. Rd4 Rc6 64. Kf3 Rd6
65. Rxd6 Kxd6 66. Kf4 Ke6 67. Kg5 Kf7 68. Kh6 Kg8 69. Kg6 Kh8 70. g4 Kg8 71. g5
1-0

[Event "ESP-ch U20"]
[Site "La Algaba"]
[Date "2001.??.??"]
[Round "4"]
[White "Martinez Martin, David"]
[Black "March Morla, David"]
[Result "1-0"]
[WhiteElo "2308"]
[BlackElo "2190"]
[PlyCount "55"]
[EventDate "2001.??.??"]
[EventType "swiss"]
[EventRounds "9"]
[EventCountry "ESP"]
[Source "Fruth,M"]
[SourceDate "2003.05.15"]

1. d4 e6 2. c4 d5 3. Nc3 c5 4. cxd5 cxd4 5. Qa4+ Bd7 6. Qxd4 exd5 7. Qxd5 Nc6
8. Nf3 Nf6 9. Qd1 Bc5 10. e3 Qe7 11. a3 O-O-O 12. Qc2 Kb8 13. Be2 g5 14. b4 Bb6
15. Na4 Bc7 16. Bb2 Rhe8 17. Rd1 Ne4 18. b5 g4 19. bxc6 gxf3 20. Rxd7 fxg2 21.
Rg1 Ba5+ 22. Bc3 Qh4 23. Rxg2 Nxc3 24. Nxc3 Qf6 25. c7+ Bxc7 26. Rxc7 Qe5 27.
Rc4 Rc8 28. Nd1 1-0

[Event "Gelsenkirchen op"]
[Site "Gelsenkirchen"]
[Date "2001.??.??"]
[Round "2"]
[White "Bekker Jensen, Simon"]
[Black "Voigt, Ingrid"]
[Result "1-0"]
[WhiteElo "2368"]
[BlackElo "2209"]
[PlyCount "47"]
[EventDate "2001.??.??"]
[EventType "swiss"]
[EventRounds "9"]
[EventCountry "GER"]
[Source "Fruth,M"]
[SourceDate "2003.05.15"]

1. d4 e6 2. c4 d5 3. Nc3 c5 4. cxd5 cxd4 5. Qa4+ Bd7 6. Qxd4 exd5 7. Qxd5 Nc6
8. Nf3 Nf6 9. Qd1 Bc5 10. e3 Qe7 11. Be2 g5 12. O-O g4 13. Nd4 h5 14. b4 Bd6
15. Ncb5 Bb8 16. Bb2 h4 17. Nxc6 Bxc6 18. Qd4 Rh6 19. Rad1 Nd7 20. Qg7 Qf8 21.
Qxf8+ Kxf8 22. Nd4 Ba4 23. Rc1 Rg6 24. Bd3 1-0

[Event "RUS-ch U16"]
[Site "Cherepovets"]
[Date "2001.??.??"]
[Round "?"]
[White "Provotorov, Ivan"]
[Black "Abramov, Valentin"]
[Result "1-0"]
[WhiteElo "2278"]
[BlackElo "2213"]
[PlyCount "91"]
[EventDate "2001.??.??"]
[EventType "swiss"]
[EventRounds "10"]
[EventCountry "RUS"]
[Source "Fruth,M"]
[SourceDate "2003.05.15"]

1. c4 e6 2. Nc3 d5 3. d4 c5 4. cxd5 cxd4 5. Qa4+ Bd7 6. Qxd4 exd5 7. Qxd5 Nc6
8. Nf3 Nf6 9. Qd1 Bc5 10. e3 Qe7 11. Bb5 O-O-O 12. O-O g5 13. Qe2 g4 14. Nd4
Nxd4 15. exd4 Qxe2 16. Bxd7+ Rxd7 17. Nxe2 Re8 18. Be3 Bb6 19. Rac1+ Kb8 20.
Bf4+ Ka8 21. Be5 Nd5 22. Nc3 Nb4 23. Ne4 Rdd8 24. Nf6 Re6 25. Nxg4 a6 26. Rfd1
Nxa2 27. Rc4 f5 28. Ne3 Rc6 29. Rxc6 bxc6 30. Nxf5 Nb4 31. Ne3 Kb7 32. Kf1 Nd5
33. Ke2 Rg8 34. Nxd5 cxd5 35. g3 Rc8 36. f4 Ba5 37. f5 Rc2+ 38. Ke3 Rxb2 39. h4
Bb4 40. Bg7 Bd6 41. f6 Rg2 42. Rf1 Rxg3+ 43. Rf3 Rg4 44. h5 a5 45. h6 a4 46. f7
1-0

[Event "Nord West Cup"]
[Site "Oldenburg"]
[Date "2001.??.??"]
[Round "7"]
[White "Meyer, Malte"]
[Black "Asendorf, Joachim"]
[Result "0-1"]
[WhiteElo "2196"]
[BlackElo "2268"]
[PlyCount "90"]
[EventDate "2001.01.??"]
[EventType "swiss"]
[EventRounds "7"]
[EventCountry "GER"]
[Source "Fruth,M"]
[SourceDate "2003.05.15"]

1. d4 d5 2. c4 e6 3. Nc3 c5 4. cxd5 cxd4 5. Qa4+ Bd7 6. Qxd4 exd5 7. Qxd5 Nc6
8. Nf3 Nf6 9. Qd1 Bc5 10. e3 Qe7 11. a3 O-O-O 12. Qc2 Kb8 13. Be2 Rc8 14. O-O
g5 15. b4 Bb6 16. Qb2 g4 17. Nd2 Ne5 18. Nde4 Bc6 19. Ng3 Rhg8 20. e4 Ka8 21.
a4 Qe6 22. Qa2 h5 23. b5 Bd7 24. Nd5 Bd4 25. Rb1 h4 26. Nf5 Nf3+ 27. Kh1 Nxd5
28. gxf3 gxf3 29. Bxf3 Nc3 30. Qxe6 fxe6 31. Nxd4 Nxb1 32. Be3 Nc3 33. e5 Nxa4
34. h3 Kb8 35. Rb1 Nb6 36. Rb4 Rc4 37. Rxc4 Nxc4 38. Bf4 Rf8 39. Bh6 Rf7 40.
Kg2 Nxe5 41. Be2 Ng6 42. Bc4 Nf4+ 43. Kh2 Nd5 44. Kg2 Kc7 45. Ne2 Kb6 0-1

[Event "MEX-ch 47"]
[Site "Irapuato"]
[Date "2001.??.??"]
[Round "5"]
[White "Martin del Campo, Jorge"]
[Black "Russek Libni, Guil"]
[Result "1/2-1/2"]
[WhiteElo "2258"]
[BlackElo "2374"]
[PlyCount "34"]
[EventDate "2001.04.11"]
[EventType "swiss"]
[EventRounds "7"]
[EventCountry "MEX"]
[Source "Fruth,M"]
[SourceDate "2003.05.15"]

1. d4 e6 2. c4 d5 3. Nc3 c5 4. cxd5 cxd4 5. Qa4+ Bd7 6. Qxd4 exd5 7. Qxd5 Nc6
8. Nf3 Nf6 9. Qd1 Bc5 10. e3 Qe7 11. Be2 O-O-O 12. O-O Kb8 13. b4 Bxb4 14. Qc2
Qc5 15. Bb2 Nd5 16. Rac1 Nxc3 17. Bxc3 Qxc3 1/2-1/2

[Event "EU-ch 2 Women op"]
[Site "Warsaw"]
[Date "2001.04.22"]
[Round "1"]
[White "Zayac, Elena"]
[Black "Agrest, Svetlana"]
[Result "1-0"]
[WhiteElo "2376"]
[BlackElo "2215"]
[PlyCount "111"]
[EventDate "2001.04.22"]
[EventType "swiss"]
[EventRounds "11"]
[EventCountry "POL"]
[Source "Fruth,M"]
[SourceDate "2003.05.15"]

1. d4 d5 2. c4 e6 3. Nc3 c5 4. cxd5 cxd4 5. Qa4+ Bd7 6. Qxd4 exd5 7. Qxd5 Nc6
8. Bg5 Nf6 9. Qd2 h6 10. Bxf6 Qxf6 11. Nd5 Qd8 12. e4 Be6 13. Bb5 a6 14. Bxc6+
bxc6 15. Nc3 Qf6 16. Nge2 Bc5 17. O-O O-O 18. Na4 Ba7 19. Qc3 Qg5 20. Qg3 Qb5
21. Nec3 Qh5 22. Rad1 Kh8 23. h3 f5 24. Qe5 Rae8 25. Qc7 Bb8 26. Qxc6 f4 27.
Qc5 Qh4 28. f3 Bxh3 29. Qf2 Qg5 30. Rd5 Qg6 31. Nc5 Ba7 32. Rfd1 Rc8 33. b4 a5
34. Nb5 Bb6 35. a3 axb4 36. axb4 Rfd8 37. Nd6 Ra8 38. Nc4 Rxd5 39. exd5 Bd8 40.
Ne5 Qf6 41. Nc6 Qg6 42. Kf1 Bh4 43. Ne5 Qh5 44. Qxh4 Bxg2+ 45. Kxg2 Ra2+ 46.
Kg1 Qxe5 47. Ne4 Qb2 48. Qf2 Qb3 49. Rd2 Ra1+ 50. Kh2 Qb1 51. Qg2 Qe1 52. Rf2
Qxb4 53. Ra2 Rxa2 54. Qxa2 Qe7 55. d6 Qb7 56. Qd2 1-0

[Event "Bank Pocztowy op A"]
[Site "Bydgoszcz"]
[Date "2001.05.06"]
[Round "9"]
[White "Bogdanov, Valentin"]
[Black "Romanov, Evgeny"]
[Result "1/2-1/2"]
[WhiteElo "2413"]
[BlackElo "2172"]
[PlyCount "66"]
[EventDate "2001.04.27"]
[EventType "swiss"]
[EventRounds "9"]
[EventCountry "POL"]
[Source "Fruth,M"]
[SourceDate "2003.05.15"]

1. d4 d5 2. c4 e6 3. Nc3 c5 4. cxd5 cxd4 5. Qa4+ Bd7 6. Qxd4 exd5 7. Qxd5 Nc6
8. Nf3 Nf6 9. Qd1 Bc5 10. e3 Qe7 11. Be2 O-O 12. O-O Rfd8 13. Bd2 Bg4 14. Rc1
Rd7 15. Na4 Bd6 16. Qc2 Re8 17. Bc3 Ne4 18. Bd4 Nb4 19. Qd1 Nxa2 20. Ra1 Nb4
21. Nc3 Nxc3 22. bxc3 Nc6 23. h3 Bf5 24. Bd3 Bxd3 25. Qxd3 Bb8 26. Rfb1 Qe4 27.
Qxe4 Rxe4 28. Kf1 Re8 29. Rb3 b6 30. Ra2 Na5 31. Rb1 Bd6 32. Ke2 Rc8 33. Nd2 f6
1/2-1/2

[Event "Capablanca mem Premier II 36th"]
[Site "Havana"]
[Date "2001.05.20"]
[Round "13"]
[White "Almeida, Omar"]
[Black "De la Paz, Frank"]
[Result "1/2-1/2"]
[WhiteElo "2426"]
[BlackElo "2437"]
[PlyCount "26"]
[EventDate "2001.05.05"]
[EventType "tourn"]
[EventRounds "13"]
[EventCountry "CUB"]
[EventCategory "8"]
[Source "Fruth,M"]
[SourceDate "2003.05.15"]

1. d4 d5 2. c4 e6 3. Nc3 c5 4. cxd5 cxd4 5. Qxd4 Nc6 6. Qd1 exd5 7. e3 Nf6 8.
Nf3 Bb4 9. Bd2 O-O 10. a3 Bxc3 11. Bxc3 Ne4 12. Rc1 Nxc3 13. Rxc3 Be6 1/2-1/2

[Event "Clichy2"]
[Site "Clichy"]
[Date "2001.??.??"]
[Round "5"]
[White "Elbilia, Jacques"]
[Black "Daurelle, Herve"]
[Result "0-1"]
[WhiteElo "2328"]
[BlackElo "2193"]
[PlyCount "48"]
[EventDate "2001.06.25"]
[EventType "tourn"]
[EventRounds "9"]
[EventCountry "FRA"]
[EventCategory "2"]
[Source "Fruth,M"]
[SourceDate "2003.05.15"]

1. d4 d5 2. c4 e6 3. Nc3 c5 4. cxd5 cxd4 5. Qa4+ Bd7 6. Qxd4 exd5 7. Qxd5 Nc6
8. Nf3 Nf6 9. Qd1 Bc5 10. e3 Qe7 11. Be2 O-O-O 12. O-O g5 13. b4 g4 14. bxc5
gxf3 15. Bxf3 Ne5 16. Nd5 Nxf3+ 17. Qxf3 Nxd5 18. Qxd5 Rhg8 19. Qf3 Bg4 20. Qg3
Qe6 21. c6 Be2 22. cxb7+ Kxb7 23. Rb1+ Ka8 24. Qf4 Qg6 0-1

[Event "Politiken Cup"]
[Site "Copenhagen"]
[Date "2001.07.18"]
[Round "3"]
[White "Thompson, Ian D"]
[Black "Jepson, Christian"]
[Result "0-1"]
[WhiteElo "2240"]
[BlackElo "2373"]
[PlyCount "64"]
[EventDate "2001.07.16"]
[EventType "swiss"]
[EventRounds "11"]
[EventCountry "DEN"]
[Source "Fruth,M"]
[SourceDate "2003.05.15"]

1. c4 e6 2. Nc3 d5 3. d4 c5 4. cxd5 cxd4 5. Qxd4 Nc6 6. Qd1 exd5 7. e3 Nf6 8.
Nf3 Bb4 9. Bd3 O-O 10. O-O Bg4 11. Nb5 Qb6 12. a3 Be7 13. Nc3 Bxf3 14. Qxf3 Ne5
15. Qe2 Rfd8 16. Bc2 Rac8 17. Bf5 Rc6 18. e4 Qa6 19. Qxa6 Rxa6 20. Nxd5 Nxd5
21. exd5 Rxd5 22. Be4 Rd7 23. Bf4 Bf6 24. Rfe1 Ng6 25. Bxg6 hxg6 26. Re8+ Kh7
27. Be5 Rd2 28. Rb1 Re2 29. f4 Rc6 30. Rf1 Rcc2 31. Rf3 Rxg2+ 32. Kf1 Rxh2 0-1

[Event "Patras op 3"]
[Site "Patras"]
[Date "2001.07.23"]
[Round "6"]
[White "Kalesis, Nikolaos"]
[Black "Marjanovic, Slavoljub"]
[Result "0-1"]
[WhiteElo "2398"]
[BlackElo "2485"]
[PlyCount "112"]
[EventDate "2001.07.18"]
[EventType "swiss"]
[EventRounds "9"]
[EventCountry "GRE"]
[Source "Fruth,M"]
[SourceDate "2003.05.15"]

1. d4 d5 2. c4 e6 3. Nc3 c5 4. cxd5 cxd4 5. Qxd4 Nc6 6. Qd1 exd5 7. Qxd5 Bd7 8.
e3 Nf6 9. Qd1 Bc5 10. Nf3 Qe7 11. Be2 O-O-O 12. Bd2 g5 13. O-O g4 14. Nh4 Rhg8
15. Qc2 Kb8 16. Rfd1 h5 17. Rac1 Bb6 18. Na4 Nd4 19. exd4 Bxa4 20. Qxa4 Qxe2
21. Bf4+ Ka8 22. Bc7 Bxc7 23. Rxc7 Rge8 24. g3 Ne4 25. Rf1 Ng5 26. Qc2 Qe6 27.
Qf5 Nf3+ 28. Kh1 Qe2 29. Rcc1 Nxd4 30. Qxf7 Qe4+ 31. Ng2 h4 32. gxh4 Nf3 33.
Qf4 Qd5 34. Qxg4 Nd2 35. Rfe1 Rg8 36. Qh3 Nf3 37. Nf4 Ng1+ 38. Qg2 Qf7 39. Qe4
Rde8 40. Qd3 Qxf4 41. Rxe8+ Rxe8 42. Rxg1 Qxf2 43. h5 a6 44. h6 Re2 45. Qg3 Qd4
46. Rf1 Qe4+ 47. Qf3 Qe5 48. Qg3 Qe4+ 49. Kg1 Qd4+ 50. Rf2 Rxb2 51. Qf4 Qd1+
52. Kg2 Qd5+ 53. Kg3 Rb5 54. h7 Qd3+ 55. Rf3 Qxh7 56. Re3 Qg6+ 0-1

[Event "ESP-ch TT Div 2"]
[Site "Vila Real"]
[Date "2001.08.16"]
[Round "4"]
[White "Martinez Martin, David"]
[Black "Bellon Lopez, Juan Manuel"]
[Result "1-0"]
[WhiteElo "2297"]
[BlackElo "2432"]
[PlyCount "43"]
[EventDate "2001.08.13"]
[EventType "team"]
[EventRounds "7"]
[EventCountry "ESP"]
[Source "Fruth,M"]
[SourceDate "2003.05.15"]

1. d4 d5 2. c4 e6 3. Nc3 c5 4. cxd5 cxd4 5. Qa4+ Bd7 6. Qxd4 exd5 7. Qxd5 Nc6
8. Nf3 Nf6 9. Qd1 Bc5 10. e3 Qe7 11. Be2 O-O-O 12. O-O g5 13. b4 Bxb4 14. Qb3
g4 15. Nd4 Nxd4 16. exd4 Bxc3 17. Qxc3+ Bc6 18. Re1 Qd7 19. Qa5 Qxd4 20. Qf5+
Bd7 21. Bf4 Bxf5 22. Rac1+ 1-0